000 00578nam a22001817a 4500
005 20251108171845.0
008 250721s1986 xx 000 0 ara d
082 1 4 _a128/لوي
100 1 _aلويس، جون
245 1 0 _aالإنسان ذلك الكائن الفريد /
264 1 _aالقاهرة :
_bالهيئة المصرية العامة للكتاب،
_c1986.
300 _a261ص
490 0 _aالألف كتاب الثاني ؛ 18
650 1 7 _aالإنسان
700 1 _aالكاظم، صالح جواد
_eترجمة
942 _2ddc
_cBK
999 _c64389
_d64389